| 000 | 00775cam a2200301 4500 | ||
|---|---|---|---|
| 001 | J88334 | ||
| 008 | 090401t1997 xxu||||| |||| 00| 0 eng d | ||
| 035 | _a(Sirsi) u82723 | ||
| 041 | _aeng | ||
| 050 | _a333.33709421 | ||
| 110 |
_aHillier Parker _92054 |
||
| 245 | _aCentral London shops survey. - November 1997 | ||
| 250 | _a6th ed. | ||
| 260 |
_aLondon _bHillier Parker _c1997 |
||
| 300 | _a6p. ; 30cm. | ||
| 350 | _a0 | ||
| 650 | _aBOND STREET | ||
| 650 | _aCENTRAL LONDON SHOPS SURVEY | ||
| 650 | _aCENTRAL LONDON | ||
| 650 | _aCOVENT GARDEN | ||
| 650 | _aKNIGHTSBRIDGE | ||
| 650 | _aOXFORD STREET | ||
| 650 | _aREGENT STREET | ||
| 650 | _aRETAILING | ||
| 690 | _aPROPERTY-COMMERCIAL PROPERTY-RETAIL PROPERTY | ||
| 942 | _n0 | ||
| 948 | _c16/12/1997 | ||
| 999 |
_c96820 _d96820 |
||